Analytické metódy na sledovanie nízkych koncentrácií rezíduí pesticídov, rozkladných produktov a metabolitov
Saved in:
| Main Author: | |
|---|---|
| Other Authors: | |
| Format: | Manuscript Book |
| Language: | Slovak |
| Published: |
2015
|
| Subjects: | |
| Online Access: | http://is.stuba.sk/zp/portal_zp.pl?podrobnosti=101571 |
| Tags: |
No Tags, Be the first to tag this record!
|
MARC
| LEADER | 00000ntm a22000003a 4500 | ||
|---|---|---|---|
| 001 | stuzp53037 | ||
| 003 | SK-STU | ||
| 005 | 20160719154346.3 | ||
| 007 | ta | ||
| 008 | 150427s2015----xo-----f-mn---000-0-slo-d | ||
| 040 | |a STU |b slo | ||
| 041 | 0 | |a slo | |
| 100 | 1 | |a Turková, Dominika |u 041180 |4 aut |U FCHPT Ústav analytickej chémie |T FCHPT Oddelenie analytickej chémie |X 61003 |U C1180 |Y 108 |7 61003 | |
| 242 | 0 | 1 | |a Analytical methods for monitoring low concentrations of pesticide residues, degradation products and metabolites |y eng |
| 245 | 1 | 0 | |a Analytické metódy na sledovanie nízkych koncentrácií rezíduí pesticídov, rozkladných produktov a metabolitov |
| 260 | |c 2015 | ||
| 650 | 4 | |a degradačné produkty pesticídov |2 slo | |
| 650 | 4 | |a metabolity |2 slo | |
| 650 | 4 | |a extrakcia |2 slo | |
| 650 | 4 | |a chromatografia s hmotnostnou spektrometriou |2 slo | |
| 650 | 4 | |a chromatography with mass spectrometry |2 eng | |
| 650 | 4 | |a metabolites |2 eng | |
| 650 | 4 | |a degradation products of pesticides |2 eng | |
| 650 | 4 | |a extraction |2 eng | |
| 700 | 1 | |a Hrouzková, Svetlana |4 ths |X 3892 |7 A000003892 | |
| 856 | 4 | |u http://is.stuba.sk/zp/portal_zp.pl?podrobnosti=101571 | |
| SQL | |a stuzp53037 |b DBP |c SLO |d Analytické metódy na sledovanie nízkych koncentrácií rezíduí pesticídov, rozkladných produktov a metabolitov |e 61003 |f Turková, Dominika |g 041180 |h 3892 |i Hrouzková, Svetlana |j 20150713 |k 753 |l 04 |m http://is.stuba.sk/zp/portal_zp.pl?podrobnosti=101571 |n B-CHEMAT |o 4.1.14. chémia, 5.2.18. chemické technológie | ||